Dix ans de réforme : Politique scientifique et technologique en Chine

Đã lưu trong:
書目詳細資料
格式: 圖書
語言:Undetermined
出版: Ottawa, Canada IDRC 1997
主題:
標簽: 添加標簽
沒有標簽, 成為第一個標記此記錄!
Thư viện lưu trữ: Trung tâm Học liệu Trường Đại học Cần Thơ
LEADER 00536nam a2200181Ia 4500
001 CTU_41217
008 210402s9999 xx 000 0 und d
082 |a 338.951 
082 |b D619 
245 0 |a Dix ans de réforme : 
245 0 |b Politique scientifique et technologique en Chine 
260 |a Ottawa, Canada 
260 |b IDRC 
260 |c 1997 
650 |a Science and state,Technology and state,Technology transfer 
650 |z China,China,China 
904 |i Minh 
980 |a Trung tâm Học liệu Trường Đại học Cần Thơ